| 000 | 00000nas 2200000zi 4500 |
| 001 | 9.898066 |
| 003 | CaOODSP |
| 005 | 20250709114124 |
| 006 | m o d f |
| 007 | cr cn||||||||| |
| 008 | 210329c20219999qucar p o f0###a0eng|d |
| 022 | |a2563-903X |
| 040 | |aCaOODSP|beng|erda|cCaOODSP |
| 043 | |an-cn--- |
| 086 | 1 |aEn1-87E-PDF |
| 222 | 0|aPulp and paper effluent regulations |
| 245 | 00|aPulp and paper effluent regulations : |bannual report. |
| 246 | 20|aAnnual report |
| 264 | 1|aGatineau, QC : |bEnvironment and Climate Change Canada = Environnement et changement climatique Canada, |c[2021]- |
| 310 | |aAnnual |
| 336 | |atext|btxt|2rdacontent |
| 337 | |acomputer|bc|2rdamedia |
| 338 | |aonline resource|bcr|2rdacarrier |
| 362 | 1 |aBegan with 2019. |
| 500 | |aIssued also in French under title: Règlement sur les effluents des fabriques de pâtes et papiers : rapport annuel. |
| 588 | |aDescription based on: 2019; title from PDF cover page. |
| 588 | |aLatest issue consulted: 2022. |
| 650 | 0|aWood-pulp industry|xWaste disposal|xLaw and legislation|zCanada|vPeriodicals. |
| 650 | 0|aPaper industry|xWaste disposal|xLaw and legislation|zCanada|vPeriodicals. |
| 650 | 0|aFishery law and legislation|zCanada|vPeriodicals. |
| 651 | 0|aCanada. |
| 655 | 7|aPeriodicals|2lcgft |
| 710 | 1 |aCanada. |bEnvironment and Climate Change Canada, |eissuing body. |
| 775 | 08|tRèglement sur les effluents des fabriques de pâtes et papiers : |w(CaOODSP)9.898067 |